ALL TIME NBA-players nicknames - Statistics

General Stats
  • This quiz has been taken 1,973 times
  • The average score is 36 of 61
Answer Stats
Nickname Player % Correct
CP3 Chris Paul
97%
D-Rose Derrick Rose
97%
KD Kevin Durant
90%
The King Lebron James
90%
Melo Carmelo Anthony
88%
Black Mamba Kobe Bryant
88%
His Airness Michael Jordan
85%
Dr J Julius Erving
84%
The Mailman Karl Malone
83%
Ray Ray Ray Allen
83%
The Answer Allen Iverson
82%
Penny Anfernee Hardaway
82%
Uncle Drew Kyrie Irving
81%
The Big O Oscar Robertson
80%
The Big Fundamental Tim Duncan
78%
T-Mac Tracy McGrady
78%
The Admiral David Robinson
76%
Chuck Charles Barkley
75%
The Glove Gary Payton
75%
Superman Dwight Howard
74%
The Hick from French Lick Larry Bird
74%
The Thruth Paul Pierce
74%
The Worm Dennis Rodman
73%
The Dream Hakeem Olajuwon
73%
Big Ticket Kevin Garnett
73%
The Glide Clyde Drexler
71%
Pistol Pete Pete Maravich
71%
Flash Dwayne Wade
70%
Birdman Chris Anderson
68%
White Chocolate Jason Williams
65%
The Human Highlight Film Dominique Wilkins
64%
Big Baby Glen Davis
63%
Iggy Andre Iguodala
60%
Zeke Isiah Thomas
54%
Big Ben Ben Wallace
53%
Grandmama Larry Johnson
52%
Half Man, Half Amazing Vince Carter
51%
Tiny Nate Archibald
50%
Big Fella Shaquille O'Neal
50%
Big Shot Bob Robert Horry
49%
The Big Dipper Wilt Chamberlain
49%
Mr Clutch Jerry West
48%
Zo Alonso Mourning
47%
The Golden Boy Stephen Curry
45%
Earl the Pearl Earl Monroe
44%
RIP Rick Hamilton
41%
Big Game James James Worthy
40%
The Houdini of the Hardwood Bob Cousy
38%
The Matrix Shawn Marion
38%
The Flying Dutchman Rik Smits
34%
Chocolate Thunder Darryl Dawkins
33%
Spree Latrell Sprewell
32%
Hondo John Havlicek
31%
The Reignman Shawn Kemp
31%
The Hoya Destroya Patrick Ewing
28%
The Chief Robert Parish
26%
Mr Big Shot Chauncey Billups
24%
Thunder Dan Dan Majerle
20%
3D Dennis Scott
16%
Z Zydrunas Ilgauskas
15%
X-Man Xavier McDaniel
6%
No matching quizzes found
Score Distribution
Percent of People with Each Score
Percentile by Number Answered
Your Score History
You have not taken this quiz